| 000 | 00901nam a2200373 a 4500 | ||
|---|---|---|---|
| 003 | AR-BaBNM | ||
| 005 | 20251128202743.0 | ||
| 008 | 082120s2002 ||||||||||||||000 | spa|| | ||
| 040 | _cAR-BaBNM | ||
| 100 | 1 | _aNaguib Mahmoud, Zaki | |
| 245 | 0 | 0 |
_aEgipto _bpueblo y costumbres |
| 250 | _a1ª ed. | ||
| 260 |
_aBarcelona _bSayma _c1964 |
||
| 300 |
_a183 p. _bmapas, láms., il. |
||
| 490 | 0 | _aPanoramas A-Z. La universidad en su mano | |
| 650 | 4 | _aARTE | |
| 650 | 4 | _aCRISTIANISMO | |
| 650 | 4 | _aRELIGION | |
| 650 | 4 | _aECONOMIA | |
| 650 | 4 | _aSOCIEDAD | |
| 650 | 4 | _aCOMERCIO | |
| 650 | 4 | _aINDUSTRIA | |
| 650 | 4 | _aLITERATURA | |
| 650 | 4 | _aCULTURA | |
| 650 | 4 | _aANALFABETISMO | |
| 650 | 4 | _aISLAM | |
| 650 | 4 | _aHISTORIA MEDIEVAL | |
| 650 | 4 | _aHISTORIA AFRICANA | |
| 651 | 4 | _aEgipto | |
| 651 | 4 | _aAfrica | |
| 700 | 1 |
_aClara, Ricardo _etraductor |
|
| 942 | _cBK | ||
| 998 | _cmariana | ||
| 999 |
_c412 _d412 |
||